| 000 | 00367nam a2200109Ia 4500 | ||
|---|---|---|---|
| 008 | 180315s9999 xx 000 0 und d | ||
| 020 | _a9780071808316 | ||
| 100 | _aZichermann, Gabe | ||
| 245 |
_cLinder, Joselin _aThe gamification revolution : _bHow leaders leverage game mechanics to crush the competition |
||
| 260 |
_aUSA : _b2013 _cMcGrawHill |
||
| 300 | _av, 235 pages | ||
| 999 |
_c356316 _d356316 |
||